000 00671nam a2200217Ii 4500
003 JO-AjNU
008 230605s9999||||xx |||||||||||||| ||und||
017 _a1985/9/398
040 _aJO-AjNU
_bara
_erda
_cJO-AjNU
041 _aara
050 1 4 _aJX1245.S3944.1985
100 3 _a السيد، رشاد عارف يوسف ,
_eauthor
_946606
245 0 0 _aمبادئ في القانون الدولي العام
250 _aط1
264 3 1 _aد ، م : د ، ن ، 1985
300 _a232ص
336 _atext
_btxt
_2rdacontent
337 _aunmediated
_bn
_2rdamedia
338 _avolume
_bnc
_2rdacarrier
650 4 _aالقانون الدولي العام
_946607
999 _aA20288
_c23856
_d23856